| 000 | 00877nac a22002291u 4500 | ||
|---|---|---|---|
| 010 | _a 80049878 | ||
| 020 | _a008026171X | ||
| 020 | _a0080261728 (pbk.) | ||
| 082 | 0 | 0 |
_a669.95 _bB2741 |
| 090 |
_c3830 _d3830 |
||
| 100 | _aBarrett, C. S. | ||
| 245 | 1 | 0 |
_aStructure of metals : _bcrystallographic methods, principles and data / _cC.S. Barrett, T.B. Massalski. |
| 250 | _a3rd rev. ed. | ||
| 260 |
_aOxford ; _aNew York : _bPergamon,1980 _c1980. |
||
| 300 |
_axv, 654 p. : _bill. ; _c24 cm. |
||
| 440 | 0 |
_aInternational series on materials science and technology ; _vv. 35 |
|
| 504 | _aIncludes bibliographical references and indexes. | ||
| 650 | 0 | _aMetallography. | |
| 700 | 1 | _aMassalski, T. B. | |
| 942 |
_cBB _k669.95B2741 |
||
| 999 |
_c3830 _d3830 |
||